000 00861nam a2200205 i 4500
001 149112
003 ES-MaACL
005 20260201063015.0
007 t|
008 070214n19001990xxk r ||||1| eng d
100 0 _aSymonds, John Addington,
_d1840-1893
_9108971
245 1 4 _aThe Renaissance in Italy
_b: the age of the despots /
_cJohn Addington Symonds.
260 _aLondon :
_bJohn Murray,
_c[19__?]
300 _a7 v. :
_bil. ;
_c20 cm.
505 8 _aContiene: Vol. I. The age of the despots. Vol. II. The revival of learning. Vol. III. The fine arts. Vol. IV. Italian literature. Vol. V. Italian literature part II. Vol. VI. The catholic reaction. VII. The catholic reaction, part. II
650 0 4 _aRenacimiento-
_zItalia.
_916844
651 _aItalia-
_xCivilización.
_9162968
852 _aES-MaACL
_jA-2530-36
999 _c149112
_d149112